Bài tập điện động lực học
Giới thiệu các bài tập về trường điện từ trong chân không và trong môi trường liên tục, điện trường không đổi, từ trường không đổi, trường điện từ chuẩn dừng, trường điện từ tự do, trường điện từ bức xạ và vật lí plasma...
Сохранить в:
| Главный автор: | |
|---|---|
| Другие авторы: | |
| Формат: | |
| Язык: | Vietnamese |
| Опубликовано: |
H.
Đại học Sư phạm
2011
|
| Предметы: | |
| Метки: |
Добавить метку
Нет меток, Требуется 1-ая метка записи!
|
| Thư viện lưu trữ: | Mạng thư viện Đại học Đà Nẵng |
|---|
| LEADER | 01596aam a22003858a 4500 | ||
|---|---|---|---|
| 001 | 000023074 | ||
| 003 | 19523 | ||
| 005 | 20150527150501.0 | ||
| 008 | 150527s2011 viesd | ||
| 020 | |c 32000đ |d 1000b | ||
| 041 | 0 | |a vie | |
| 082 | 1 | 4 | |2 14 |a 537.6076 |b NG-T |
| 100 | 1 | |a Nguyễn Văn Thuận | |
| 245 | 1 | 0 | |a Bài tập điện động lực học |c Nguyễn Văn Thuận, Nguyễn Quang Học |
| 260 | |a H. |b Đại học Sư phạm |c 2011 | ||
| 300 | |a 192 tr. |b hình vẽ |c 24 cm. | ||
| 504 | |a Thư mục: tr. 191 | ||
| 520 | |a Giới thiệu các bài tập về trường điện từ trong chân không và trong môi trường liên tục, điện trường không đổi, từ trường không đổi, trường điện từ chuẩn dừng, trường điện từ tự do, trường điện từ bức xạ và vật lí plasma | ||
| 650 | 0 | 4 | |2 Bộ TK TVQG |a Điện động lực học |x Bài tập |
| 650 | 7 | |2 Bộ TK TVQG | |
| 650 | 7 | |2 Bộ TK TVQG | |
| 653 | |a Điện động lực học | ||
| 653 | |a Trường điện từ | ||
| 655 | 7 | |2 Bộ TK TVQG |a Giáo trình | |
| 700 | 1 | |a Nguyễn Quang Học | |
| OWN | |a LSP | ||
| AVA | |a UDN50 |b LSP |d 537.6076 NG-T |e check_holdings |t Error 5003 Not defined in file expand_doc_bib_avail. |h N |k 1 | ||
| 999 | |a From the UDN01 | ||
| AVA | |a UDN50 |b LSP |d 537.6076 NG-T |e available |t Error 5001 Not defined in file expand_doc_bib_avail. |f 30 |g 0 |h N |i 48 |k 1 | ||
| TYP | |a Monograph | ||
| TYP | |a Printed language | ||
| 980 | |a Mạng thư viện Đại học Đà Nẵng | ||